|
|
|
|
| LEADER |
00716nab a2200169 i 4500 |
| 001 |
acta53354 |
| 005 |
20260224081030.0 |
| 008 |
180327s1941 hu o 000 hun d |
| 040 |
|
|
|a SZTE Egyetemi Kiadványok Repozitórium
|b hun
|
| 041 |
|
|
|a hun
|
| 100 |
1 |
|
|a Kiss Tihamér László
|
| 245 |
1 |
0 |
|a Gondolatok nemzetnevelésünk szervezéséről
|h [elektronikus dokumentum] /
|c Kiss Tihamér László
|
| 260 |
|
|
|c 1941
|
| 300 |
|
|
|a 114-122
|
| 490 |
0 |
|
|a Nevelésügyi szemle
|v 5 No. 5-6
|
| 695 |
|
|
|a Nemzetnevelés - magyar, Nevelésügy - Magyarország - 20. sz., Oktatásügy - Magyarország, Pedagógia - Magyarország - 20. sz.
|
| 856 |
4 |
0 |
|u http://acta.bibl.u-szeged.hu/53354/1/nev_szem_005_005_006_114-122.pdf
|z Dokumentum-elérés
|